Introducción a los negocios internacionales : conceptos y aplicaciones /

Bibliographic Details
Main Authors: Ortiz Velásquez, Mauricio (Author), Avendaño Cárdenas, Egna (Author), Silva Guerra, Harold, 1970- (Author)
Format: Electronic eBook
Language:Spanish
Published: Barranquilla : Editorial Universidad del Norte, 2019.
Series:Textos guía UN.
Subjects:
Online Access:Digitalia Hispánica

MARC

LEADER 00000nam a2200000Ii 4500
001 DIGUNINOR0366
003 NyNyDIG
007 cr |||||||||||
008 211104s2019 ck a ob 000 0 spa d
006 m o d
035 |a (OCoLC)1156321046 
040 |a DGITA  |b eng  |e rda  |e pn  |c DGITA 
020 |z 9789587891393 
050 1 4 |a HF1379 ebook 
082 1 4 |a 382 
100 1 |a Ortiz Velásquez, Mauricio,  |e author. 
245 1 0 |a Introducción a los negocios internacionales :  |b conceptos y aplicaciones /  |c Mauricio Ortiz Velásquez, Egna Avendaño Cárdenas, Harold Silva Guerra. 
264 1 |a Barranquilla :  |b Editorial Universidad del Norte,  |c 2019. 
300 |a 1 online resource :  |b illustrations. 
336 |a text  |b txt  |2 rdacontent 
337 |a computer  |b c  |2 rdamedia 
338 |a online resource  |b cr  |2 rdacarrier 
347 |a text file  |2 rdaft 
347 |b PDF 
490 1 |a Textos guía UN 
504 |a Includes bibliographical references. 
588 0 |a Online resource; title from PDF title page (Digitalia, viewed November 4, 2021) 
650 0 |a International trade. 
650 0 |a International business enterprises. 
655 0 |a Electronic books. 
700 1 |a Avendaño Cárdenas, Egna,  |e author. 
700 1 |a Silva Guerra, Harold,  |d 1970-  |e author. 
791 2 |a Digitalia (Firm),  |e distributor. 
793 0 |g Digitalia eBook Collection:  |a Ediciones Uninorte 
776 0 8 |i Print version:  |a Ortiz Velásquez, Mauricio.  |t Introducción a los negocios internacionales.  |d Barranquilla : Editorial Universidad del Norte, 2019  |z 9789587891393 
830 0 |a Textos guía UN. 
856 4 0 |3 Digitalia Hispánica  |u https://www.digitaliapublishing.com/a/68980/ 
910 |a Premium collection: 2021